=LDR 00000nam 2200000 4500 =001 INLIS000000000002297 =005 20130612090638 =008 ***********************************Ind** =035 ##$$0010-061300000002297 =041 ##$$a Ind =082 ##$$a 819.2 =090 ##$$a 819.2, Dip d =245 ##$$a Dipati ukur, Diceritakan kembali oleh Farid Hadi =260 ##$$a 1992 $b Jakarta =300 ##$$a 64 hlm, ilus, 21 cm =650 ##$$a Kesusastraan-Sunda =700 ##$$a Hadi, Farid =850 ##$$a NBPNMAT